| 000 -LEADER |
| fixed length control field |
00529nam a22001337a 4500 |
| 008 - FIXED-LENGTH DATA ELEMENTS--GENERAL INFORMATION |
| fixed length control field |
250524b xxu||||| |||| 00| 0 eng d |
| 245 ## - TITLE STATEMENT |
| Title |
Chhaava 2025/directed by Laxman Utekar; produced by Dinesh Vijan |
| 260 ## - PUBLICATION, DISTRIBUTION, ETC. (IMPRINT) |
| Place of publication, distribution, etc |
INDIA |
| 300 ## - PHYSICAL DESCRIPTION |
| Extent |
187 mins |
| 310 ## - CURRENT PUBLICATION FREQUENCY |
| Current publication frequency |
Extent (number of discs followed by format or leave blank for mere web sites) 1 videofile, (ca. 187 mins.). |
| 650 ## - SUBJECT ADDED ENTRY--TOPICAL TERM |
| Source of heading or term |
Topical term of geographic name as entry element Crime |
| Topical term or geographic name as entry element |
Crime, Drama, Mystery,thriller, Western |
| 700 ## - ADDED ENTRY--PERSONAL NAME |
| Personal name |
Laxman, Utekar |
| 942 ## - ADDED ENTRY ELEMENTS (KOHA) |
| Source of classification or shelving scheme |
|
| Item type |
Audio-Visual Materials |